00531nam a2200169 a 450000500170000000800410001702000140005805000240007210000210009624500780011726000450019530000210024052100090026165000390027065000340030970000180034320140310183209.0041110s19uu xx 00 eng d a971005131 aHD 62.7b.G441 1994 aGibbons, Patrick aHow to prepare, present and negotiate a business plan /cPatrick Gibbons. aSingapore :bEaton Printing Ltd.,c1994. a108 p. :c24 cm. aBSBA aNew business enterprisexPlanning. aProposal writing in business. aMcGovern, Ian